| 000 | 00863nam a22002297a 4500 | ||
|---|---|---|---|
| 001 | 76256 | ||
| 003 | BD-RjUL | ||
| 005 | 20211209082821.0 | ||
| 008 | 191118s2011 bg ||||| |||| 00| 0 ben d | ||
| 020 | _a9847015602185 | ||
| 035 | _a(BD-RjUL)76477 | ||
| 040 |
_aBD-RjUL _beng _cBD-RjUL |
||
| 041 | _aeng | ||
| 082 |
_223 _a302.23095492 _bSAB 2011 |
||
| 100 |
_aসালাম, শেখ আবদুস _9235023 |
||
| 245 |
_aবাংলাদেশের গণমাধ্যম ও সাংবাদিকতায় আলোকিতজনেরা / _cশেখ আবদুস সালাম |
||
| 260 |
_aঢাকা : _bমাওলা ব্রাদার্স, _c২০১১ |
||
| 300 |
_a১৭৩ পৃ. ; _c২২ সেমি. |
||
| 650 |
_aMass media _zBangladesh. _9235024 |
||
| 650 |
_aPress _zBangladesh. _9235025 |
||
| 942 |
_2ddc _cBK |
||
| 999 |
_c76256 _d76256 |
||